Nőtt a jövedelem a Felszabadulás Tsz.-ben
Elmentve itt :
| Szerző: | |
|---|---|
| Dokumentumtípus: | Cikk |
| Megjelent: |
1969-02-22
|
| Sorozat: | Délmagyarország
59 No. 44 |
| Kulcsszavak: | Felszabadulás Tsz., Béremelés termelőszövetkezet 1961 |
| Online Access: | http://dmarchiv.bibl.u-szeged.hu/68569 |
| LEADER | 00513nab a2200157 i 4500 | ||
|---|---|---|---|
| 001 | delm68569 | ||
| 005 | 20180927153703.0 | ||
| 008 | 180927s1969 hu o 0|| hun d | ||
| 040 | |a SZTE Délmagyarország Archívum |b hun | ||
| 041 | |a hun | ||
| 100 | 1 | |a Lukács Imre, | |
| 245 | 1 | 0 | |a Nőtt a jövedelem a Felszabadulás Tsz.-ben |h [elektronikus dokumentum] / |c Szegedi Lukács Imre, |
| 260 | |c 1969-02-22 | ||
| 300 | |a 1 | ||
| 490 | 0 | |a Délmagyarország |v 59 No. 44 | |
| 695 | |a Felszabadulás Tsz., Béremelés termelőszövetkezet 1961 | ||